| 000 | 00818nam a2200217 a 4500 | ||
|---|---|---|---|
| 008 | 960123s1973||||[C 0 slo c | ||
| 040 |
_aSNK _bslo _cSNK _eAACR2 |
||
| 041 | 1 | _aslo | |
| 044 |
_axo _cSK |
||
| 080 | _a72.011+711.5:744(075) | ||
| 080 | _a711.5 | ||
| 080 | _a744(075) | ||
| 245 | 1 | 0 |
_aAbstrakcia a kreslenie architektonického priestoru _bUrčená architektom v projekčnej praxi, ústavoch a zariadeniach, ako učeb. pomôcka posl. staveb. fakúlt, žiakom priem. škôl staveb. a odb. učilíšť ; Aut. Ján Antal |
| 250 | _a2. vyd. | ||
| 260 |
_aBratislava _bAlfa _c1973 _eS.l.Polygraf. záv. _fPolygraf. záv. |
||
| 300 |
_a129, [3] s. _bIlustr. Použ. lit. Grafy. Schémy _cPrieč. 8ř |
||
| 490 | 0 | _aEdícia stavebníckej literatúry | |
| 700 | 1 |
_aAntal, Ján _4aut |
|
| 020 | _c29 | ||
| 958 | _aA | ||
| 999 |
_c14943 _d14943 |
||